000 00879nam a2200253Ia 4500
003 OSt
005 20220926002829.0
006 a|||||r|||| 00| 0
007 ta
008 220923b |||||||| |||| 00| 0 eng d
020 _a9788125038306
_c420.75
037 _bCD 15, 11/03/2011, INDEPENDENT PUBLISHERS GROUP
_cGeneral Book
040 _aRTL
_cRTL
_beng
041 _2eng
_aeng
082 _aV2:51.44Q7, Q0
100 _aKOTHARI Smitu
_9306514
245 0 _aBridging partition
_b People's initiatives for peace between India and Pakistan
260 _a New Delhi
_bOrient Blackswan
_c2010
300 _aix, 347p Bibliography chapterwise
_ccm.
650 _aSociology
700 _a MIAN Zia
_9306515
942 _hV2:51.44Q7, Q0
_cGB
_2CC
999 _c606124
_d606124